000 00422nam a2200169Ia 4500
008 220531s9999 xx 000 0 und d
041 _aeng
082 _bCHA
100 _aChakravarti, Uma.
_955507
245 _aExploring The Populer.
260 _bSavitribai Phule Aabhyas Kendra
_c2009
300 _a390
542 _d04-03-2010
650 _aSociology
_955508
906 _d2009-2010
999 _c32056
_d32056